000 00471nam a2200181 a 4500
001 1756792092770
003 YourLibrary
005 20250902111955.0
008 250902s1999##################000#0#eng##
020 _a9788876422546
082 0 4 _a539.72
_bROD
100 1 _aRodriguez, Sergio,
_eauthor.
245 1 0 _aSymmetry in physics :
260 _bEdizioni della Normale,
_c1999.
650 0 _aScience.
942 _cENGLISH
040 _aYourLibrary
_beng
_cYourLibrary
999 _c584959
_d584959